Eudised : multilingual thesaurus for information processing in the field of education

Αποθηκεύτηκε σε:
Λεπτομέρειες βιβλιογραφικής εγγραφής
Συλλογικό Έργο: Council of Europe, Commission of the European Communities
Άλλοι συγγραφείς: Viet, Jean, Slype, Georges van
Μορφή: Βιβλίο
Γλώσσα:English
Δημοσίευση: Berlin ; New York : Mouton Publishers, 1984.
Έκδοση:New ed.
Θέματα:
Ετικέτες: Προσθήκη ετικέτας
Δεν υπάρχουν, Καταχωρήστε ετικέτα πρώτοι!

MARC

LEADER 00000cam a2200000 i 4500
001 1/57740
008 941103s1984 nyu| ||| |||| ||eng||
020 |a 3110098474  |c DM82.50 (est.) ($37.50 U.S. : est) 
035 |l 10045788 
035 |a 1987 
040 |a GR-MyUa  |b gre  |e AACR2 
041 0 |a eng 
082 7 |a 025.4937   |2 (19) 
245 0 0 |a Eudised :   |b multilingual thesaurus for information processing in the field of education /   |c Jean Viet, Georges Van Slype. 
250 |a New ed. 
260 |a Berlin ;   |a New York :   |b Mouton Publishers,   |c 1984. 
300 |a xix, 307 σ. ;   |c 21 x 30 εκ. 
500 |a Άνω του τίτλου: Council of Europe; Commission of the European Communities. 
500 |a Jean Viet: responsible for assembling the descriptors and non-descriptors; Georges van Slype: responsible for the hierarchical and relational structure. 
650 0 |a Subject headings  |x Education. 
650 0 |a Subject headings, Polyglot. 
700 1 |a Viet, Jean. 
700 1 |a Slype, Georges van. 
710 2 |a Council of Europe. 
710 2 |a Commission of the European Communities. 
852 |a INST  |b SAMOS  |e 19941103  |h 025.4937 VIE  |p 005300002001  |q 005300002001  |t BK  |y 0